| 000 | 00944nam a2200265Ia 4500 | ||
|---|---|---|---|
| 008 | 130821s1993 ck gr spa | ||
| 020 | _a9586015947 | ||
| 040 |
_aCo-BoUCM _bspa |
||
| 041 | 0 | 0 | _aspa |
| 100 | 1 | _aTindall, George B. | |
| 245 | 1 | 0 |
_aHistoria de los Estados Unidos América _ba narrative history _cGeorge B. Tindall y David E. Shi |
| 260 |
_aBogotá (Colombia) _bTercer Mundo Editores _c1993 |
||
| 300 | _a2volúmenes | ||
| 504 | _aIncluye bibliografía | ||
| 650 | 0 | 4 |
_aHistoria de América _916931 |
| 651 |
_aEstados Unidos _bRelaciones internacionales _97595 |
||
| 651 |
_aEstados Unidos _xHistoria _97595 |
||
| 651 |
_aEstados Unidos _xPolítica y gobierno _97595 |
||
| 651 |
_aEstados Unidos _xVida social y costumbres _97595 |
||
| 700 | 1 |
_aNiño, Teresa _etrad. |
|
| 700 | 1 | _aShi, David E. | |
| 765 | _aAmerica a narrative history | ||
| 942 |
_cLIBRO _a21 _e1 _mT588h _2DEWEY _h973 |
||
| 999 |
_c57057 _d57057 |
||